Логическое программирование и моделирование систем: учебное пособие

التفاصيل البيبلوغرافية
المؤلف الرئيسي: Новосельцев В. Б. Виталий Борисович
مؤلف مشترك: Национальный исследовательский Томский политехнический университет (ТПУ)
مؤلفون آخرون: Копаница Г. Д. Георгий Дмитриевич
الملخص:Заглавие с титульного экрана
Электронная версия печатной публикации
В пособии изложены современные подходы к программированию систем управления информационными комплексами. Представлен теоретический аппарат, необходимый для успешной работы в различных подобластях Искусственного Интеллекта. Рассмотрены современные трактовки парадигмы наиболее популярного в настоящее время логического подхода. Описаны методы работы с неопределенностью и модальностью при реализации программных проектов, ориентированных на работу с распределенной когнитивной информацией. Предназначено для студентов направления 552800 - «Информатика и вычслительная техника»
AM_TPU_network
اللغة:الروسية
منشور في: Томск, Изд-во ТПУ, 2008
الموضوعات:
الوصول للمادة أونلاين:http://www.lib.tpu.ru/fulltext2/m/2012/m86.pdf
التنسيق: الكتروني كتاب
KOHA link:https://koha.lib.tpu.ru/cgi-bin/koha/opac-detail.pl?biblionumber=210994

MARC

LEADER 00000nam0a2200000 4500
001 210994
005 20260410161344.0
035 |a (RuTPU)RU\TPU\book\230454 
090 |a 210994 
100 |a 20120306d2008 m y0rusy50 ca 
101 0 |a rus 
102 |a RU 
105 |a a j 001zy 
135 |a drnn ---uucaa 
181 0 |a i   |b  e  
182 0 |a b 
183 0 |a cr  |2 RDAcarrier 
200 1 |a Логическое программирование и моделирование систем  |e учебное пособие  |f В. Б. Новосельцев, Г. Д. Копаница  |g Национальный исследовательский Томский политехнический университет (ТПУ) 
203 |a Текст  |b визуальный  |c электронный 
210 |a Томск  |c Изд-во ТПУ  |d 2008 
283 |a online_resource  |2 RDAcarrier 
300 |a Заглавие с титульного экрана 
300 |a Электронная версия печатной публикации 
330 |a В пособии изложены современные подходы к программированию систем управления информационными комплексами. Представлен теоретический аппарат, необходимый для успешной работы в различных подобластях Искусственного Интеллекта. Рассмотрены современные трактовки парадигмы наиболее популярного в настоящее время логического подхода. Описаны методы работы с неопределенностью и модальностью при реализации программных проектов, ориентированных на работу с распределенной когнитивной информацией. Предназначено для студентов направления 552800 - «Информатика и вычслительная техника» 
371 0 |a AM_TPU_network 
452 1 |0 (RuTPU)RU\TPU\book\158140  |t Логическое программирование и моделирование систем  |o учебное пособие  |f В. Б. Новосельцев, Г. Д. Копаница  |g Томский политехнический университет (ТПУ)  |c Томск  |n Изд-во ТПУ  |d 2008  |p 115 с.  |a Новосельцев, Виталий Борисович 
610 1 |a логическое программирование 
610 1 |a математическая логика 
610 1 |a модальная логика 
610 1 |a логические системы 
610 1 |a структурные имплицитные модели 
610 1 |a программы 
610 1 |a Visual Prolog 
610 1 |a учебные пособия 
610 1 |a электронный ресурс 
610 1 |a труды учёных ТПУ 
675 |a 681.3.06(075.8)  |v 3 
700 1 |a Новосельцев  |b В. Б.  |c специалист в области искусственного интеллекта  |c профессор Томского политехнического университета, доктор физико-математических наук  |f 1955-  |g Виталий Борисович  |3 (RuTPU)RU\TPU\pers\25404  |9 11347 
701 1 |a Копаница  |b Г. Д.  |c специалист в области информатики и вычислительной техники  |c инженер-исследователь Томского политехнического университета, кандидат технических наук  |f 1985-  |g Георгий Дмитриевич  |3 (RuTPU)RU\TPU\pers\27797  |9 12845 
712 0 2 |a Национальный исследовательский Томский политехнический университет (ТПУ)  |c (2009- )  |3 (RuTPU)RU\TPU\col\15902 
801 1 |a RU  |b 63413507  |c 20081023  |g PSBO 
801 2 |a RU  |b 63413507  |c 20120306  |g PSBO 
856 4 0 |u http://www.lib.tpu.ru/fulltext2/m/2012/m86.pdf  |z http://www.lib.tpu.ru/fulltext2/m/2012/m86.pdf 
942 |c CF